00521cam a2200193ua 45000010005000000080039000050400009000440410012000530820012000651000018000772450036000952600024001313000009001556530014001647000017001789420007001959990015002029520110002177843191120n II |||gr||||Z||||||eng aMAIN aEnglish a370 MIS aMISRA , D.K . aYOUTH UNIVERSITY AND COMMUNITY  a[s.l:bs.n.]c1975. a133. aEducation aJAIN , C.M . cBK c7826d7826 001040708TBEDUaMAINbMAINcED#d1980-08-19o370 MISp06967r2020-02-27 00:00:00t1w2020-02-27yBKzV